A New Approach to Teacher and Education in Contemporary India/ (Record no. 199717)

MARC details
000 -LEADER
fixed length control field 00903nam a22002417a 4500
005 - DATE AND TIME OF LATEST TRANSACTION
control field 20231221144035.0
010 ## - LCCN (DPL NO)
LC control number ENG-138623 ENG-138697
020 ## - INTERNATIONAL STANDARD BOOK NUMBER
Terms of availability 1595.00
International Standard Book Number 9789390897759
020 ## - INTERNATIONAL STANDARD BOOK NUMBER
Terms of availability 495.00
International Standard Book Number 9789390897704
035 ## - SYSTEM CONTROL NUMBER
System control number EN-122155 EN-122229
037 ## - SOURCE OF ACQUISITION
Source of stock number/acquisition DBAD/PUB
082 ## - DEWEY DECIMAL CLASSIFICATION NUMBER
Classification number 370.710954
Edition number 1
100 ## - MAIN ENTRY--PERSONAL NAME
Personal name Dash, B.N
245 ## - TITLE STATEMENT
Title A New Approach to Teacher and Education in Contemporary India/
Remainder of title By B.N Dash and P.Venkata Chary and Edited By K.Sudhakar Rao
250 ## - EDITION STATEMENT
Edition statement 1
260 ## - PUBLICATION, DISTRIBUTION, ETC. (IMPRINT)
Place of publication, distribution, etc New Delhi
Name of publisher, distributor, etc Neelkamal Publications
Date of publication, distribution, etc 2022
270 ## - ADDRESS
Address 4764/1, 23, Ansari Road, Daryaganj
City New Delhi
Postal code 110002
Telephone number 011-23244237
-- 98118-28953
Electronic mail address neelkamalbooks@gmail.com
300 ## - PHYSICAL DESCRIPTION
Extent xxiv+548p.
Dimensions 25cm(hbk)
300 ## - PHYSICAL DESCRIPTION
Extent xxiv+548p.
Dimensions 24cm(pbk)
700 ## - ADDED ENTRY--PERSONAL NAME
Personal name Chary, P.Venkata
Relator term Author
9 (RLIN) 60040
700 ## - ADDED ENTRY--PERSONAL NAME
Personal name Rao, K.Sudhakar
Relator term Editor
9 (RLIN) 60115
942 ## - ADDED ENTRY ELEMENTS (KOHA)
Source of classification or shelving scheme Dewey Decimal Classification
Item type English Books
Classification part 370.710954
Call number suffix DAS
Edition 1
Holdings
Withdrawn status Lost status Not for loan Collection code Home library Current library Date acquired Source of acquisition Cost, normal purchase price Full call number Barcode Copy number Cost, replacement price Koha item type
      Non-fiction Central Library Central Library 20/12/2023 DBAD 1595.00 370.710954 DAS EN-122155 1 1595.00 English Books
      Non-fiction Sarojini Nagar Sarojini Nagar 21/12/2023 DBAD/PUB 495.00 370.710954 DAS EN-122229 1 495.00 English Books

© Delhi Public Library
Hit Counter
free hit counter